000 00617nam a2200241Ia 4500
003 OSt
005 20220924125749.0
006 a|||||r|||| 00| 0
007 ta
008 220923b |||||||| |||| 00| 0 per d
024 _a330477
037 _cTextual
040 _aARTS
_cARTS
_bper
041 _2per
_aper
082 _aTn45,N4, 164H7
245 0 _aSal nama-o-aamar
260 _aTehran
_bFerdowsi publications Iran
_c1947
300 _a513+96p.
_ccm.
650 _a PERSIAN LANGUAGE
650 _aEDUCATION
942 _hTn45,N4, 164H7
_cTEXL
_2CC
999 _c423304
_d423304